00885nam a22002417a 4500003000500000005001700005008004100022010001000063011001000073035001100083040000900094100003400103245012700137260004000264300004500304502007700349530003600426650002500462650003600487650002400523650003200547856006400579CHAP20220817044226.0080908s2008 mx a r 00010 spa d a95104 a96076 a106717 cCHAP1 aNúñez Ramírez, Ramón.10aPropagación in vitro del árbol flor de manita (Chiranthodendron pentadactylon Larr.)c/por Ramón Núñes Ramírez aChapingo, Méx. :bEl autor,c2008 axxiv, 120 h. :bilus., gráfs., cuadros aTesis (Ing. Agr. Esp. en Fitotecnia) -- UACH. Departamento de Fitotecnia aTambién disponible en línea14aBotánica médica.14aChiranthodendron pentadactylon.14aCultivo de tejidos.14aPropagación de árboles. 3Finding aiduhttp://10.13.5.2/tesis/106717.pdfzTeclea aqui